| 000 | 00448nam a22001697a 4500 | ||
|---|---|---|---|
| 005 | 20250107153423.0 | ||
| 008 | 250107b |||||||| |||| 00| 0 eng d | ||
| 020 | _a9780619206642 | ||
| 082 |
_a005.369 _bJAM-M |
||
| 100 | _aJamrich, June | ||
| 245 |
_a Microsoft office excel 2003 / _cDan Oja |
||
| 260 |
_aUSA: _bThomson Learning; _c2003. |
||
| 300 |
_a812 p. : _bxiv, _c24 cm. |
||
| 500 | _ainclude index. | ||
| 650 | _acomputer | ||
| 999 |
_c36812 _d36812 |
||